Statistics for Baseball Acronyms

Click here to take the quiz!

General Stats

  • This quiz has been taken 1,276 times
  • The average score is 38 of 66

Answer Stats

HintAnswer% Correct
RBIRun Batted In
98%
HRHome Run
96%
HHit
94%
KStrikeout
91%
BBBase on Balls
89%
EError
89%
EREarned Run
88%
4Second Baseman
87%
5Third Baseman
87%
2Catcher
86%
3First Baseman
86%
1Pitcher
86%
9Right Fielder
86%
SBStolen Base
86%
8Center Fielder
85%
7Left Fielder
85%
6Shortstop
85%
2BDouble
81%
ERAEarned Run Average
78%
OBPOn Base Percentage
78%
LOBLeft on Base
77%
3BTriple
76%
RISPRunners in Scoring Position
75%
IPInnings Pitched
71%
CGComplete Game
69%
WPWinning Pitcher
68%
AVGBatting Average
67%
ABAt Bat
66%
HBPHit By Pitch
65%
SB%Stolen Base Percentage
65%
CSCaught Stealing
64%
SLGSlugging Percentage
63%
SVSave
62%
IBBIntentional Base on Balls
60%
DPDouble Play
59%
SPStarting Pitcher
58%
TBTotal Bases
58%
POPutout
53%
RPRelief Pitcher
52%
WARWins Above Replacement
52%
XBHExtra Base Hit
50%
FOFly Out
50%
SFSacrifice Fly
49%
BKBalk
47%
OPSOn Base Plus Slugging
47%
GIDPGrounded Into Double Play
46%
GBGround Ball
45%
WPWild Pitch
41%
SHOShutout
39%
AAssist
38%
FBFly Ball
37%
HLDHold
37%
FPCTFielding Percentage
33%
PAPlate Appearance
33%
LDLine Drive
28%
GSGames Started
26%
BAABatting Average Against
24%
OFAOut Field Assist
22%
POPop Out
19%
SVOSave Opportunity
18%
PBPassed Ball
17%
PKPick-off
15%
Rng.FctrRange Factor
15%
WHIPWalks & Hits per Innings Pitched
15%
GRSLGrand Slam
13%
IRAInherited Runs Allowed
1%

Score Distribution

Percentile by Number Answered

Percent of People with Each Score

Your Score History

You have not taken this quiz